000 00468nam a22001337a 4500
999 _c80229
_d80229
008 201130b ||||| |||| 00| 0 eng d
040 _bger
_cSTAFF
_erda
_aSTAFF
245 _aSchüler erleben Geschichte
_bBooßen/Klessin.
_cred
773 _dFrankfurt (Oder): Märkisches Verlags- und Druckhaus GmbH & Co KG
_g31. Jahrgang (2020) Nr. 276 vom 26.11.2020, S. 15
_tMärkische Oderzeitung
942 _cA